000 00497nam a2200181Ia 4500
005 20250508152715.0
008 008 250505s9999 xx 000 0 hin d
037 _aTextual
040 _aFEDL
_beng
_cFEDL
041 _ahin
_2hin
084 _a891.431, JAJ
_qFEDL
100 _aPrakash Pandit Ed.
_9180812
245 0 _aJajbi aur unki shayari
260 _aDelhi, India
_bRajpal and Sons
_c1959
300 _a96p
942 _cTEXL
_h891.431, JAJ
999 _c1338187
_d1338187